Soviet economy in a new perspective : A compendium of papers
Gardado en:
| Formato: | Libro |
|---|---|
| Idioma: | Undetermined |
| Publicado: |
Washington
U.S. Govt. Print. Off.
1976
|
| Những chủ đề: | |
| Các nhãn: |
Engadir etiqueta
Sen Etiquetas, Sexa o primeiro en etiquetar este rexistro!
|
| Thư viện lưu trữ: | Trung tâm Học liệu Trường Đại học Cần Thơ |
|---|
| LEADER | 00475nam a2200169Ia 4500 | ||
|---|---|---|---|
| 001 | CTU_83526 | ||
| 008 | 210402s9999 xx 000 0 und d | ||
| 082 | |a 338.947 | ||
| 082 | |b E96 | ||
| 245 | 0 | |a Soviet economy in a new perspective : | |
| 245 | 2 | |b A compendium of papers | |
| 260 | |a Washington | ||
| 260 | |b U.S. Govt. Print. Off. | ||
| 260 | |c 1976 | ||
| 650 | |a Economic conditions | ||
| 904 | |i Qhieu(sửa) | ||
| 980 | |a Trung tâm Học liệu Trường Đại học Cần Thơ | ||